| 000 | 01717nam a2200253Ia 4500 | ||
|---|---|---|---|
| 003 | Ost | ||
| 005 | 20260416102354.0 | ||
| 008 | 260416s9999||||xx |||||||||||||| ||und|| | ||
| 040 | _cfsecg | ||
| 041 | _aara | ||
| 082 | _a331.1 | ||
| 100 |
_aبوكروح، عبد الله _eمؤلف |
||
| 245 | 0 |
_a إدارة الموارد البشرية الدولية / _c عبد الله بوكروح |
|
| 260 |
_aالجزائر _bجامعة الجزائر3: كلية العلوم الإقتصادية، العلوم التجارية وعلوم التسيير _c2019 |
||
| 300 |
_a117 ورقة _bايضاحات _c30 سم |
||
| 504 | _aمراجع ص.113 | ||
| 520 | _aمدخل لادارة الاعمال الدولية و الشركة الدولية، بيئة و تنظيم الاعمال الدولية، تبني استراتيجية دولية للمؤسسة الاقتصادية، مدخل للادارة الدولية للموارد البشرية، الوظائف الاساسية للادارة الدولية للموارد البشرية، التعويضات و التسويق الداخلي في البيئة الدولية، اكتشاف و تطوير القادة الدوليين، توظيف و تسيير المواهب الدولية العالمية، إدارة مسار الاغتراب و علاقات العمل في البيئة الدولية | ||
| 653 | _aادارة الاعمال | ||
| 653 | _aادارة الافراد | ||
| 653 | _aالقادة الاداريون | ||
| 653 | _aالقوى العاملة | ||
| 710 |
_aجامعة الجزائر3: كلية العلوم الإقتصادية، العلوم التجارية وعلوم التسيير _eناشر علمي |
||
| 942 | _cHANDOUT | ||
| 999 |
_c41127 _d41127 |
||